| 000 | 00439cam a2200181ua 4500 | ||
|---|---|---|---|
| 001 | 3119 | ||
| 008 | 110929n ii |||gr||||Z||||||asm | ||
| 040 | _cMAIN | ||
| 082 | _a891.4513 | ||
| 100 | 1 |
_aAcharya, Debendra Nath, _eAuthor. |
|
| 245 | 1 | 1 |
_aKalpurus _cby Debendra nath Acharya |
| 250 | _a2nd. | ||
| 260 |
_aGuahati: _bBonti Prakashan,982. |
||
| 300 |
_a195p: _c23cm. |
||
| 653 | _aAssamese novel | ||
| 653 | _aKalpurus | ||
| 942 | _cBK | ||
| 999 |
_c2965 _d2965 |
||